| 000 | 00451nam a2200169 i 4500 | ||
|---|---|---|---|
| 001 | 43950 | ||
| 003 | ES-MaACL | ||
| 005 | 20231204171204.0 | ||
| 007 | t| | ||
| 008 | 030320s1892 sp ||||1| spa d | ||
| 100 | 1 |
_aCavia, Mariano de, _d1855-1920 _937196 |
|
| 245 | 1 | 0 |
_aSalpicón / _cMariano de Cavia. |
| 260 |
_aMadrid : _b[s.n., _c1892] ( _fE. Rubiños) |
||
| 300 |
_aXI, 274 p. ; _c19 cm. |
||
| 852 |
_aES-MaACL _jD-991 |
||
| 999 |
_c43950 _d43950 |
||